000 00357nam a2200169Ia 4500
100 _aTheraja/Reema
650 _aData warehousing
942 _cBK
366 _f20
654 _adata warehousing
245 _aData warehousing
260 _bOxford university press
_c2009
082 _a4.56
_bTHE
300 _a474
546 _aENGLISH
999 _c34992
_d34992